00511nam a2200157Ia 4500008004100000100001800041245011900059260001100178300002100189440003500210521000700245650003500252650002200287650003000309650001400339140626s9999 xx 000 0 und d aRasul, Azmat. aDiversity or homogeny :b concentration of ownnership and media diversity in Pakistan /c Azmat ... [et al.].Rasul cc2013. a23 : 6, page 590 aAsian Journal of Communication aMC aDemocratic participant theory. aElectronic media. aMedia law and regulation. aPakistan.